| 000 | 00943cam a2200265 a 4500 | ||
|---|---|---|---|
| 003 | CO-ViMGA | ||
| 005 | 20230915233131.0 | ||
| 008 | 030601s2003 ck a r 00010aspa d | ||
| 020 | _a9588160367 | ||
| 040 |
_aCO-ViMGA _bspa _cCO-ViMGA |
||
| 043 | _as-ck--- | ||
| 082 | 0 | 4 |
_a920 _bC11h |
| 100 | 1 | 0 |
_aCaballero Caldern̤, Eduardo _d1910-1993 _99660 |
| 245 | 1 | 0 |
_aHablamientos y pensadurias _cEduardo Caballero Caldern̤ ; editor Benjamn̕ Villegas |
| 250 | _a1a. ed. | ||
| 260 |
_aBogot _bVillegas Editores _c2003 |
||
| 300 |
_a477 pg̀inas _bilustraciones _c21 cm. |
||
| 490 | _aVillegas memorias | ||
| 500 | _aDonacin̤ Villegas Editores | ||
| 600 | 1 | 4 |
_aCaballero Caldern̤, Eduardo _d1910-1993 _xRelatos personales _921562 |
| 650 | 1 | 4 |
_aEscritores _vBiografa̕s _2LEMB _921563 |
| 650 | 1 | 4 |
_aLiteratura colombiana _vColecciones de escritos _2LEMB _920190 |
| 700 | 1 | 0 |
_aVillegas, Benjamn̕ _d1948- _eeditor _919960 |
| 942 |
_2ddc _cBK |
||
| 999 |
_c35504 _d35504 |
||